00521nam a22001817a 450000500170000000800410001702000180005804000210007604100080009708200180010510000320012324500770015525000120023226000330024430000110027765000230028870000280031120240223122829.0240223b ||||| |||| 00| 0 eng d a9789358496963 aIN-DiNCcIN-DiNC dasm a301.0954bBHU aBhuyan, Dilip Kumareauthor aBharatar samajtattwa (Minor2)/cby Dilip Kumar Bhuyan and Monsumi Bhuyan a1st ed. aDibrugarh:bBanalata,c2023. a275.00 aSociology of India aBhuyan, Monsumieauthor